00978nam a2200265 a 4500001001000000005001700010008004100027041000800068044000800076050002500084100004000109245009200149260003400241300004000275500002900315500003400344500000900378600005400387651007900441700004100520902000800561942001100569999001500580952011700595BRCA_629820190320205414.0040811s1928----nyuac#####---#000-0#eng-# aeng anyu 4aDA564b.B3 M33c19281 aMaurois, Andreìd1885-196791579510aDisraeliba picture of the Victorian agecAndreì Maurois; translated by Hamish Miles. aNueva YorkbD. Appletonc1928 axiii, 379 p.bil., retratosc22 cm. aCon firma de Franz Mayer aIncluye índice alfabético aK15914aBeaconsfield, Benjamin Disraelid1804-1881915796 4aInglaterraxVida social y costumbresyÉpoca Victoriana, 1837-19019157971 aMiles, Hamishf1894-1937etr.915798 aGFM 2lcccB c5984d5984 00104070aBRCAbBRCAd2011-08-04iK159l0oDA564 .B3 M33 1928 (K159)p6737r2019-03-22 00:00:00w2019-03-22yB